| 000 | 00635nam a2200193 4500 | ||
|---|---|---|---|
| 001 | 121438 | ||
| 003 | ES-MaACL | ||
| 005 | 20240430132831.0 | ||
| 007 | t| | ||
| 008 | 070214s1973 sp r ||||1| spa d | ||
| 100 | 1 |
_aPorcel, Baltasar. _993114 |
|
| 245 | 1 | 0 |
_aCrónica de atolondrados navegantes / _cBaltasar Porcel ; prólogo de Pere Gimferrer ; epílogo de Pedro Laín Entralgo. |
| 260 |
_aBarcelona : _bPenínsula, _c1973. |
||
| 300 |
_a189 p. ; _c19 cm. |
||
| 700 | 0 |
_aGimferrer, Pere, _d1945- _957102 |
|
| 700 | 1 |
_aLaín Entralgo, Pedro, _d1908-2001 _969681 |
|
| 852 |
_aES-MaACL _jC-53057 _bR.85594 |
||
| 999 |
_c121438 _d121438 |
||